[Event "Challengers Invitational"]
[Site "?"]
[Date "2023.02.20"]
[Round "7"]
[White "Erard, Eric"]
[Black "Russell, Corey"]
[Result "0-1"]
[WhiteElo "1964"]
[BlackElo "2217"]
[Annotator "Corey Rusell"]
[PlyCount "47"]
[EventDate "2023.??.??"]

{[%evp 11,47,-30,-23,-40,8,8,14,1,30,20,26,28,29,25,38,28,28,-74,0,0,0,0,0,-13,
-12,-12,-12,-18,-3,-3,-3,-3,-5,-39,-28,-118,-112,-455]} 1. b4 e5 2. a3 d5 3.
Bb2 Bd6 4. e3 Nf6 5. c4 dxc4 6. Bxc4 O-O (6... Nbd7 {keeps more tension.} 7. d3
c6 8. Nf3 b5 9. Bb3 a5) 7. Nf3 Nc6 (7... e4 $15 8. Nd4 a5) 8. d3 $11 {The
position is equal.} Qe7 9. Nbd2 Be6 10. Qc2 a6 11. O-O h6 12. Rfe1 Nd7 13. d4
Bxc4 $1 14. dxe5 {[#]} (14. Qxc4 $11 {remains equal.} exd4 15. exd4) 14...
Ndxe5 ({Better is} 14... Bxb4 $1 $17 15. axb4 Bb5) 15. Nxe5 Bxe5 16. Nxc4 Bxb2
17. Qxb2 {A careless capture. Instead 17. Nxb2 and white seems fine to me. By
taking with the queen, this gives me a vital tempo. -cjr} b5 18. Nd2 Ne5 {
Black wants to play ...Ne5-d3.} 19. Qc2 Rad8 20. Red1 Rd5 21. Ne4 Rfd8 22. Nc5
Qf6 {And now ...Ne5-g4 would win.} 23. Ne4 {[#]} (23. e4 $11 R5d6 24. Nb7 Rxd1+
25. Rxd1 Rxd1+ 26. Qxd1) 23... Qg6 $1 $17 {Strongly threatening ...Rd5xd1+.}
24. Kh1 $2 {[%mdl 8192] My opponent resigned here as he almost immediately saw
that now he will lose to ...Qxe4! - cjr Precision: White = 26%, Black = 41%.} (
24. Rxd5 $17 {is a better chance.} Rxd5 25. h3) 0-1

[Event "Idaho Closed"]
[Site "?"]
[Date "2023.02.20"]
[Round "5"]
[White "Kodihalli, Kaustubh"]
[Black "Parsons, Larry R"]
[Result "1-0"]
[WhiteElo "2035"]
[BlackElo "2000"]
[Annotator "Kaustubh Kodihalli"]
[PlyCount "87"]
[EventDate "2023.??.??"]

1. e4 c5 {I had a feeling we would go into this and I was ready for a tough
battle with a respectable opponent.} 2. Nf3 d6 3. d4 cxd4 4. Nxd4 Nf6 5. Nc3 g6
{I was shocked to see this, but I didn't think much of it} 6. f3 Bg7 7. Be3 Nc6
8. Qd2 O-O 9. O-O-O d5 10. exd5 Nxd5 11. Nxc6 bxc6 12. Bd4 {I was expecting ...
e5, and I thought he might try for a win but...} Bxd4 {He took my bishop and
offered me a draw. Larry is a 19-time champion. I thought he might try to win,
but never offer me a draw. I thought about this for a minute and decided to
play for the win.} 13. Qxd4 Qb6 14. Bc4 Ne3 15. Rd2 {He probably should have
played (15...Nxc4 16.Qxc4 Be6). The position is equal afterwards. 15...Qxd4 is
bad because although he wins a pawn in the following continuation White gets
really active rooks and proves decisive in the game.} Qxd4 $2 16. Rxd4 Nxg2 17.
Re4 $1 {This is the problem of Black's position. The knight is trapped, and he
is forced to give up his pawn.} Bf5 18. Rxe7 Nf4 19. Rd1 Be6 20. Bxe6 Nxe6 21.
Rdd7 {The rooks are now on the seventh rank and Black's position is slipping.}
Rae8 22. Rxa7 Rxe7 23. Rxe7 Ra8 24. a4 Kf8 25. Rb7 Nd4 {In this position, I
was calculating many variations with sacrificing my f- and h-pawns to get his
c-pawn, and then it would be a race. I then realized, I don't have to give up
both my pawns.} 26. f4 $1 Nf3 27. b3 Nxh2 {Now he only has one passed pawn and
can't get to my f-pawn. Meanwhile, I can get his c-pawn with ease.} 28. Ne4 $1
{This is the only move that keeps the advantage. If I try to go Rb6 and get
his pawn, I was worried about ...h5 and advancing his pawn with ...Kg7 and ...
Rh8 to help the pawn. Even though the h-pawn is passed, the kingside pawns are
also pretty weak and can be targeted.} Re8 29. a5 $1 Ra8 30. b4 Nf3 31. Ng5 $1
{This is the final straw, now the position was completely winning for White.}
Nd4 32. Rxf7+ Kg8 33. Rxh7 c5 34. c3 Ne2+ 35. Kb2 Nxf4 36. Rb7 Nd5 37. Kb3 cxb4
38. cxb4 {I knew this was winning, but I had to make sure to not blunder the
sacrificing of the knight for both my pawns. Then, it would be a draw $1} Ne3
39. Ne6 Nf5 40. Rd7 Ra6 41. Nc5 Ra8 42. a6 g5 43. b5 Rb8 44. a7 {My opponent
resigned. This was a very tough game and he gave me a great fight. I am also
very proud of my play as this was my best game of the event.} 1-0

[Event "Oregon Girls Championship"]
[Site "?"]
[Date "2023.02.04"]
[Round "3"]
[White "Sripada, Anisha"]
[Black "Tang, Zoey"]
[Result "1/2-1/2"]
[WhiteElo "1442"]
[BlackElo "2236"]
[Annotator "Wilson Gibbins"]
[PlyCount "101"]
[EventDate "2023.02.04"]

{[%evp 0,101,19,31,14,23,52,41,48,34,35,37,41,31,28,2,1,0,0,-9,-6,-15,9,-26,10,
16,39,0,4,7,-6,-20,-12,-33,-46,-123,-120,-194,-213,-228,-216,-208,-209,-209,
-220,-213,-198,-198,-190,-237,-221,-245,-174,-185,-170,-193,-185,-232,-169,
-224,-150,-166,-160,-231,-141,-112,-118,-173,-107,-148,-13,-65,-56,-144,-167,
-177,-31,-143,-158,-127,-115,-144,-140,-175,-157,-174,-174,-229,0,0,0,0,0,0,0,
0,0,0,0,0,0,0,0,0]} {This draw was a crucial game for Anisha's qualification
for the Haring tournament this summer. Anisha defended well to secure the half
point.} 1. d4 Nf6 2. Bf4 g6 ({Last year's game between these players went} 2...
d5 3. e3 g6 4. Nf3 Bg7 5. c4 O-O 6. Nc3 c5 7. Be2 cxd4 8. Nxd4 Ne4 9. Nxe4 dxe4
10. Bg3 a6 11. O-O e5 12. Nb3 Qe7 13. Qc2 f5 14. h3 f4 15. exf4 exf4 16. Bh2 f3
17. Bd1 Nc6 18. Bg3 Bf5 19. Qd2 Rad8 20. Qc1 Nb4 21. Bc2 Nxc2 22. Qxc2 e3 23.
Qc1 Bh6 24. Qc3 exf2+ 25. Bxf2 Rd3 26. Qa5 fxg2 27. Rfe1 Qf7 28. Qb4 Bxh3 29.
Qc5 b6 30. Qxb6 Rf3 31. Re2 Be3 32. Rxe3 Rxf2 33. Rae1 Rf1+ 34. Rxf1 gxf1=Q+
35. Kh2 Qg2# {0-1 (35) Sripada,A (1377)-Tang,Z (2232) Oregon Girls
Championship 2022. For full annotations, turn to page 6 of your May 2022 copy
of Northwest Chess.}) 3. e3 Bg7 4. Nf3 O-O 5. Be2 b6 6. O-O Bb7 7. c4 {Anisha
thinks for herself,} ({and doesn't play the London formula move} 7. c3) 7... d6
8. Nc3 Nbd7 9. Qc2 c5 10. Rad1 Rc8 11. Qb3 a6 12. h3 Qc7 13. Rd2 cxd4 14. exd4
e5 15. dxe5 dxe5 16. Bg3 $6 {It is logical for White to keep this bishop
trained on the e-pawn, but the bishop on g3 is vulnerable to Black's knight
that will soon invade on e4.} (16. Be3 {retains equality. If Black tries the
same plan as in the game continuation, White gets some piece activity after}
Nc5 17. Qd1 Nce4 18. Nxe4 Nxe4 19. Rd7 Qb8 20. Ng5) (16. Bh2 {is a better
version of the game continuation and is also close to equality.}) 16... Nc5 $17
17. Qc2 {Natural, but Zoey exploits this queen placement.} (17. Qd1 {supports
a maneuver like the last note if Black invades on e4 with the knights.}) 17...
Nfe4 $1 18. Nxe4 Nxe4 19. Rdd1 Nxg3 {White's 16th move allowed this Bishop to
be exchanged.} 20. fxg3 $19 {White has two bishops and better pawn structure,
including a passed e-pawn.} e4 21. Nd2 f5 (21... Qxg3 22. Nxe4 Qe3+ {is also
good for Black, but retaining the passed pawn on e4 is fine way to play it.})
22. Qb3 Kh8 23. Kh1 Be5 24. Kh2 Rcd8 25. Nb1 Bd4 26. Nc3 Qe5 27. Rc1 Bc6 28. a4
Bc5 29. Rcd1 Rd4 30. Rxd4 Bxd4 31. Rd1 Bxc3 {Leaves White with crippled pawns
but gives up some of Black's advantage.} (31... f4 32. gxf4 $2 (32. Nd5 {
is better than 32.gxf4, but not good enough to hold the game.} fxg3+ 33. Kh1
Rf2) 32... Qxf4+ 33. Kh1 Be5 {and checkmate is on the horizon.}) 32. bxc3 Rb8
33. Qc2 (33. c5 $1 bxc5 34. Qf7 {gets White some much needed counterplay.})
33... Qf6 34. Rd4 Rd8 35. Rxd8+ Qxd8 36. Bd1 (36. Qb3 $11 Z0 {preparing to
generate counterplay with the break} 37. c5) 36... e3 37. Qe2 Qe8 38. h4 Qe4 $1
39. Qf1 Qb1 40. Qe2 Be4 41. h5 Kg7 42. hxg6 hxg6 43. Qe1 Bc2 $2 {wins the
bishop on d1.} {But after} 44. Qxe3 $1 {the game is drawn} Qxd1 45. Qe7+ Kg8
46. Qe8+ Kg7 47. Qe7+ Kh6 48. Qf8+ Kg5 49. Qe7+ Kh6 50. Qf8+ Kh7 51. Qf7+
1/2-1/2

[Event "Oregon Girls Championship"]
[Site "?"]
[Date "2023.02.04"]
[Round "4"]
[White "Truong, McKayla"]
[Black "Sripada, Anisha"]
[Result "0-1"]
[WhiteElo "1008"]
[BlackElo "1442"]
[Annotator "Wilson Gibbins"]
[PlyCount "96"]
[EventDate "2023.02.04"]

{[%evp 0,96,27,22,37,32,44,18,5,-3,-9,-25,10,-12,-30,-17,-14,-5,-14,-10,27,-97,
-102,-71,-88,-90,-96,-92,-84,-78,-42,-119,-124,-123,-85,-88,-98,-95,-89,-113,
-120,-127,-134,-132,-128,-133,-139,-156,-168,-157,-158,-180,-154,-181,-180,
-188,-184,-230,-206,-208,-199,-187,-213,-233,-224,-247,-250,-252,-252,-281,
-272,-283,-266,-283,-265,-360,-307,-317,-223,-217,-226,-245,-239,-256,-243,
-250,-240,-240,-234,-218,-218,-218,-218,-416,-444,-1560,-2274,-2298,-2467]} {
Anisha needed to win her fourth-round game to secure the co-championship.} 1.
e4 e6 2. d4 d5 3. e5 c5 {The French Defense is an excellent choice in
scholastic events, as many players choose the Advance variation. There isn't
anything intrinsically wrong with the Advance variation, but it does take some
skill and preparation to retain those center pawns, while Black's plans to
attack them are easy to find. Bonus - you avoid the Fried Liver attack.} 4. Nf3
cxd4 5. Nxd4 Nc6 6. Bb5 Bd7 7. Nxc6 Bxc6 8. Bxc6+ bxc6 {Black's opening has
been successful, as White's d-pawn and Black's bad light square bishop have
left the board.} 9. O-O Bc5 10. Be3 Bxe3 11. fxe3 Ne7 12. Nc3 Ng6 13. Qd4 Qc7
14. Rad1 Qxe5 15. Qxe5 Nxe5 {Black is a pawn up, White's center is gone, and
White's slight development advantage isn't worth much in this ending, as there
are no open files for the rooks to use for invasion. From here, Black's win is
never in doubt.} 16. e4 Nc4 17. Rfe1 O-O 18. b3 Nb6 19. exd5 cxd5 20. Nb5 Rfc8
21. Rc1 a6 22. Nd4 Rc7 23. a4 Rac8 24. a5 Nd7 25. Red1 Nb8 26. b4 Nc6 27. Nxc6
Rxc6 28. Rd2 Rc4 29. c3 Rxc3 30. Rxc3 Rxc3 31. Rb2 g6 32. b5 axb5 33. Rxb5 Ra3
$1 {White's passed rook pawn appears dangerous, but with a little care and
technique, Black has nothing to worry about. Anisha correctly puts her rook
behind the pawn, and her extra center pawns will far outweigh White's a-pawn.}
34. Rb8+ Kg7 35. Ra8 {Normally one tries to avoid placing a rook in front of
one's own passed pawn, but there is no other way for White to advance this
pawn.} d4 36. Kf2 Ra2+ 37. Ke1 d3 38. Rd8 ({If White tries to promote the
a-pawn with} 38. a6 {Black just advances the center pawns.} e5 39. a7 e4 40. h4
$2 (40. Re8 Rxa7 41. Rxe4 Ra1+ 42. Kd2 Ra2+ 43. Kxd3 Rxg2 {is also losing.})
40... e3 {and it will soon be checkmate.}) 38... Rxa5 39. Rxd3 Ra2 40. Kf1 h5
41. h3 f5 42. g3 Kf6 43. h4 g5 44. hxg5+ Kxg5 45. Re3 Kf6 46. Rf3 e5 47. Rf2
Rxf2+ 48. Kxf2 Kg5 0-1

[Event "Oregon Girls Championship - U900"]
[Site "?"]
[Date "2023.02.04"]
[Round "2"]
[White "Marla, Isha"]
[Black "Lykins, Annika"]
[Result "0-1"]
[WhiteElo "621"]
[BlackElo "868"]
[Annotator "Wilson Gibbins"]
[PlyCount "42"]
[EventDate "2023.02.04"]

{[%evp 0,42,27,-17,-23,-37,-22,-15,26,-37,-31,-21,-16,-9,5,-1,34,41,41,12,33,
-63,-78,-68,-95,-83,-85,-104,-117,-110,-63,-108,-119,-110,-104,-152,-150,-148,
-134,-134,-144,-152,61,-142,-155]} {This is Annika Lykins's win over Isha
Marla who finished second. She develops naturally, plays logically, and is
never in any trouble.} 1. c4 e5 2. Nf3 Nc6 3. Nc3 Bb4 4. g3 Nf6 5. Bg2 O-O 6.
O-O Bxc3 7. bxc3 d5 8. cxd5 Qxd5 9. Ba3 Rd8 10. Ng5 {A tricky attack on
Black's queen, but it doesn't quite work.} Qxd2 11. Qxd2 Rxd2 12. Bxc6 {
White removes Black's knight that defends the d8 square...} bxc6 13. Rfd1 Rxd1+
({...to prevent Black from winning another pawn with} 13... Rxe2 $2 14. Rd8+)
14. Rxd1 {White seems within the bounds of a draw with opposite colored
bishops, White owning the open d-file, and Black's extra pawn is doubled.
Stockfish still likes Black.} Bb7 15. Be7 Nd5 $1 16. Bc5 h6 17. Ne4 Ba6 18. Rd2
f5 19. c4 Bxc4 20. Rc2 Bxa2 21. Rxa2 fxe4 {With her extra pawns, Annika went
on to win the ending.} 0-1